Countries at 60°N Latitude - Statistics

General Stats
  • This quiz has been taken 842 times
  • The average score is 8 of 8
Answer Stats
Answer % Correct
Russia
100%
Canada
99%
Finland
99%
Norway
99%
Sweden
99%
United States
98%
Denmark (Greenland)
95%
United Kingdom
91%
No matching quizzes found
Score Distribution
Percent of People with Each Score
Percentile by Number Answered
Your Score History
You have not taken this quiz